| 000 | 00000nam##2200000za#4500 |
| 001 | 9.699924 |
| 003 | CaOODSP |
| 005 | 20210625000613 |
| 007 | cr ||||||||||| |
| 008 | 150407|2014||||xxc|||||o f|0| 0 eng|d |
| 020 | |a978-1-100-25023-6 |
| 040 | |aCaOODSP|beng |
| 043 | |an-cn--- |
| 086 | 1 |aCS95-635/2014E-PDF |
| 245 | 00|aCensus of agriculture : |h[electronic resource]|bcontent consultations |
| 246 | 3 |aCensus 2016 |
| 260 | |aOttawa - Ontario : |bStatistics Canada |cSeptember 2014. |
| 300 | |a45p.|btables |
| 500 | |a"Correction: October 3, 2014" |
| 590 | |a15-04|b2015-01-23 |
| 710 | 2 |aStatistics Canada. |
| 775 | 08|tRecensement de l'agriculture : |w(CaOODSP)9.643865 |
| 856 | 40|ahttp://publications.gc.ca|qPDF|s489 KB|uhttps://publications.gc.ca/collections/collection_2015/statcan/95-635-x2014001-eng.pdf |